Score 0/14 Timer 04:00
0 Plays Today
Hint Answer % Correct
CANOBBACON
97.2%
SEAMJJAMES
89.6%
HRATHART
84.5%
THISMSMITH
84%
YESAPCSPACEY
82%
NIEKLKLINE
64.3%
SJANOJONAS
64.2%
Hint Answer % Correct
ATNRTEGGARNETT
37.1%
ERSCONTCOSTNER
37%
RNATDUDURANT
36.8%
ENEEFLDIRFEDERLINE
21.6%
YISIUKLOYOUKILIS
16.9%
IHRSNRCADORICHARDSON
6.3%
ALMCHEMCHALE
4.9%

You're not logged in!

Compare scores with friends on all Sporcle quizzes.
OR
Log In

Sporcle TV

Today on Sporcle TV


Watch our educational content, quiz creation guides, and fun videos on Sporcle TV.

Show Comments

Extras

Top Quizzes Today


Score Distribution

Paid Content

Your Account Isn't Verified!

In order to create a playlist on Sporcle, you need to verify the email address you used during registration. Go to your Sporcle Settings to finish the process.

Report this User

Report this user for behavior that violates our Community Guidelines.

Details: